La Cristíada : vida de Jesus Nuestro Señor / Diego de Hojeda ; precedida de un prólogo por Francisco Miquel y Badia vida de Jesus Nuestro Señor / Diego de Hojeda ; precedida de un prólogo por Francisco Miquel y Badia

per Hojeda, Diego de

Publicat: Barcelona : L. González y Compañía , 1896
Descripció física: 510 p. : il. + f. de làm. col. ; 45 cm
Matèries: Jesucrist

MARC

LEADER 00000nam a2200000Ia 4500
001 12902
008 160829s1896 xx 000 0 cat d
080 |a R-12-74 
100 |a Hojeda, Diego de  |9 34450 
245 |a La Cristíada :  |b  vida de Jesus Nuestro Señor / Diego de Hojeda ; precedida de un prólogo por Francisco Miquel y Badia 
250 |a Ed. monumental 
260 |a Barcelona :  |b L. González y Compañía,  |c 1896 
300 |a 510 p. :  |b  il. + f. de làm. col. ;  |c 45 cm 
590 |a Il·lustrat amb còpies de quadres de Murillo, Rubens, Rafael, Veronés, Tintoretto, Tiziano ... i amb dibuixos de Pellicer, Riquer, Llimona... 
650 |a Jesucrist  |9 34451 
700 |a Miquel y Badía, Francisco, pr.  |9 34452 
901 |a Arxiu 
942 |n 1 
952 |0 0  |1 0  |4 0  |6 R1274  |7 1  |9 46518  |a Arxiu  |b Arxiu  |d 2016-12-01  |l 0  |o R-12-74  |p 12902  |r 2016-12-01 00:00:00  |w 2016-12-01  |y ARXIU 
999 |c 50309  |d 50309